000 00299nam a2200121Ia 4500
008 180117s9999 xx 000 0 und d
100 _aJulie Y Daza
245 _aMedium Rare
260 _c2017
300 _a20-22 pages, 2017 September 24
440 _aPhilippine Panorama
650 _aMEDIUM RARE
999 _c353287
_d353287